| 000 | 00931nas a2200313 4500 | ||
|---|---|---|---|
| 001 | BR0901105 | ||
| 003 | BR-BrBNA | ||
| 005 | 20231205113126.0 | ||
| 007 | ta | ||
| 008 | 230509b bl.|||p| |||| 00| 00por d | ||
| 040 |
_aBR-BrBNA _bpor _cBiblioteca Nacional de Agricultura |
||
| 041 | _a(Pt) | ||
| 072 | _aL51; L02; Q52 | ||
| 100 | 1 | _aCarvalho, A.D'A. | |
| 100 | 1 | _aLovatto, P.A. | |
| 100 | 1 | _aHuaschild, L. | |
| 100 | 1 | _aAndretta, I. | |
| 100 | 1 | _aLehnen, C.R. | |
| 100 | 1 | _aZanella, I. | |
| 245 | 1 | _aProcessamento da soja integral e uso em dietas para suínos: digestibilidade e metabolismo | |
| 650 | _aSOJA | ||
| 650 | _aNITROGÊNIO | ||
| 650 | _aDIGESTIBILIDADE | ||
| 650 | _aSUÍNO | ||
| 650 | _aPROCESSAMENTO | ||
| 773 | 0 |
_tRevista Brasileira de Zootecnia (Brazil) _xISSN 1516-3598 _g(Nov-Dec 2007), v. 36(6) p. 2023-2028 _wBR0901105 |
|
| 909 |
_a202311 _bLúcia _c55 _dLúcia Elande |
||
| 942 |
_2AGRIS _n0 _cANA |
||
| 999 |
_c201986 _d201986 |
||